| 000 | 00529nam a2200181Ia 4500 | ||
|---|---|---|---|
| 003 | OSt | ||
| 005 | 20200810121334.0 | ||
| 008 | 190216s9999||||xx |||||||||||||| ||und|| | ||
| 020 | _a9788180542268 | ||
| 040 | _coclc | ||
| 082 |
_a001.424 _bSWA/O |
||
| 100 |
_aSwarup, Kanti _94022 |
||
| 245 | 0 |
_aOperations Research / _cKanti Swarup ; P K Gupta ; Man Mohan |
|
| 250 | _a12th Ed. | ||
| 260 |
_bSulthan Chand&Sons, _c2004. _aNew Delhi: |
||
| 300 | _a827p | ||
| 942 |
_cBK _2ddc _h001.424 _iSWA/O _k001.424 _mSWA/O |
||
| 999 |
_c6610 _d6610 |
||